[Event "Cartagena Cup Edgardo La Cruz U14"]
[Site "Cartagena"]
[Date "2012.06.15"]
[Round "2.2"]
[White "Zapata Riaza, Juan E"]
[Black "Osorio Arias, Dylan"]
[Result "1-0"]
[WhiteElo "1527"]
[BlackElo "1305"]
[PlyCount "23"]
[EventDate "2012.06.15"]
[EventType "swiss"]
[EventRounds "6"]
[EventCountry "COL"]
[SourceTitle "EXT 2024"]
[Source "ChessBase"]
[SourceDate "2023.10.10"]
[SourceVersion "1"]
[SourceVersionDate "2023.10.10"]
[SourceQuality "1"]

1. e4 e5 2. d4 Nc6 3. dxe5 Nxe5 4. f4 Nc6 5. Nf3 d6 6. h3 Qe7 7. Nc3 d5 8. Bd3 Nf6 9. 0-0 Qd8 10. exd5 Bc5+ 11. Kh1 0-0 12. dxc6 1-0